00597nam a2200169Ia 4500008004100000100002200041245008500063245005100148260005900199260000900258300000900267650001800276650001500294856002600309999001900335952007300354170221s9999 xx 000 0 und d aIro Sani Abdullah 4aThe Role of Humor in the Construction of Satire in Nigerian Political Cartoons  cIro Sani Abdullah, M.H. Ali, A.M Abdullah, F.S bOnline Journal of Communication and Media Technologies c2015 a14 : xCommunication xMedia Arts uhttp://www.ojcmt.net/ c313032d313032 001040aCLbCLd2017-02-21l0r2017-02-21 00:00:00w2017-02-21yFOJ